ბათუმის შოთა რუსთაველის სახელმწიფო უნივერსიტეტის ბიბლიოთეკა

მიწისმფლობელობის ფორმები აჭარაში (ბიბ.ჩანაწერი № 44453)

000 -LEADER
fixed length control field 00863nam a2200217Ia 4500
001 - CONTROL NUMBER
control field 11222
003 - CONTROL NUMBER IDENTIFIER
control field GE_BSU
008 - FIXED-LENGTH DATA ELEMENTS--GENERAL INFORMATION
fixed length control field 181216s||||||||xx |||||||||||||| ||und||
040 ## - CATALOGING SOURCE
Transcribing agency GE_BSU
080 ## - UNIVERSAL DECIMAL CLASSIFICATION NUMBER
Universal Decimal Classification number 94(479.22.18)
100 ## - MAIN ENTRY--PERSONAL NAME
Personal name ავალიანი ამირან
245 ## - TITLE STATEMENT
Title მიწისმფლობელობის ფორმები აჭარაში
245 ## - TITLE STATEMENT
Remainder of title (თურქეთის ბატონობისგან განთავისუფლების წინ XIX ს. 40-70-იან წლებში
245 ## - TITLE STATEMENT
Statement of responsibility, etc. რედ: მ. სვანიძე
260 ## - PUBLICATION, DISTRIBUTION, ETC.
Place of publication, distribution, etc. ბათუმი
260 ## - PUBLICATION, DISTRIBUTION, ETC.
Name of publisher, distributor, etc. სახელგამი
260 ## - PUBLICATION, DISTRIBUTION, ETC.
Date of publication, distribution, etc. 1960
300 ## - PHYSICAL DESCRIPTION
Extent 142გვ.21სმ
653 ## - INDEX TERM--UNCONTROLLED
Uncontrolled term მიწისმფლობელობის ფორმები აჭარაში
942 ## - ADDED ENTRY ELEMENTS (KOHA)
Koha item type წიგნი
ეგზემპლარები
Withdrawn status Lost status Damaged status Not for loan Date acquired Barcode Date last seen Price effective from Koha item type
        2018-12-17 19596 2018-12-17 2018-12-17 წიგნი